| 000 | 00473nam a2200157 a 4500 | ||
|---|---|---|---|
| 001 | 000047308 | ||
| 005 | 20201002053533.0 | ||
| 008 | 180501s1985 dr 000 spa d | ||
| 040 |
_aDO-SdBNP _bspa _cBNPHU |
||
| 090 |
_axxx _bE771 |
||
| 100 |
_aMarrero-Aizpurúa, Lucila _923813 |
||
| 245 | 0 |
_aEspañol estructural y literatura / _cLucila Marrero-Aizpurúa. |
|
| 260 |
_aSanto Domingo : _bCorripio, _c1985. |
||
| 300 |
_a125 p. ; _c27 cm. |
||
| 590 | _aInventariado, 2019 / DG | ||
| 999 |
_c46796 _d46796 |
||